000
00350nam a2200157Ia 4500
005
20250508032048.0
008
240331s9999 xx 000 0 und d
020
_a
082
_b
RAM
_a
894
100
_a
Ramanan, A
245
0
_a
Neruppaka nee
260
_a
Chennai
_b
Poonchoali Achagam
_c
1986
300
_a
240 p .,
650
_a
Novel
942
_c
L
999
_c
4325
_d
4325